[Event "Kazan Mayors Cup 2022"]
[Site "Kazan"]
[Date "2022.01.28"]
[Round "1.1"]
[White "Matlakov, Maxim"]
[Black "Rublevsky, Sergei"]
[Result "1/2-1/2"]
[WhiteElo "2674"]
[BlackElo "2637"]
[Annotator "TA"]
[PlyCount "46"]
[EventDate "2022.01.28"]
[EventType "tourn"]
[EventCountry "RUS"]
[SourceTitle "playchess.com"]
[Source "ChessBase"]
[SourceQuality "1"]

{[%evp 9,46,-14,-24,-12,-4,-68,0,0,10,24,15,7,18,6,43,23,48,0,0,10,-3,0,3,9,0,-2,1,-4,0,0,0,-18,0,0,-6,-7,0,0,0]} 1. d4 d5 2. c4 c6 3. Nf3 Nf6 4. Nc3 dxc4 5. e4 b5 $1 6. Be2 {D15: Slav Defence: 4 Nc3 a6 and gambit lines after 4 Nc3 dxc4.} e6 7. a4 (7. Qc2 $11) 7... Bb7 (7... b4 $1 $15 8. Nb1 Nxe4) 8. axb5 $11 cxb5 {[#]} 9. Nxb5 $146 ({Predecessor:} 9. e5 Ne4 10. Nxb5 Bb4+ 11. Kf1 Bd5 12. Na3 Bxa3 13. Rxa3 O-O 14. h4 Nc6 15. Kg1 {0-1 (48) Zhou,J (2629)-Cori,J (2655) Riga 2021}) 9... Bxe4 10. Nc3 Bb7 11. Ne5 {[%cal Bf3e5,Be5c4,Bc4a5][%mdl 32]} Be7 12. Bf3 Qc8 13. Qa4+ (13. Ra4 $1 $14 Bd5 14. Nxd5 exd5 {[#]} 15. Nxc4 $1 (15. Rxc4 dxc4 16. Bxa8 Nbd7 $14)) 13... Nfd7 {The position is equal.} 14. Bxb7 Qxb7 15. O-O ({Much weaker is} 15. Qxc4 Qxg2 16. Qf1 (16. Qc8+ $2 Bd8 $19) 16... Qxf1+ 17. Kxf1 Nxe5 18. dxe5 O-O $17) 15... O-O {[%cal Bh8f8,Bf8c8,Bc8c6][%mdl 32]} 16. Nxc4 Nf6 17. Na5 Qb4 18. Bg5 Rc8 19. Rfc1 Qxa4 20. Rxa4 Nc6 21. Nxc6 Rxc6 22. Rca1 a6 23. Kf1 h6 {Weighted Error Value: White=0.12 (very precise) /Black=0.13 (very precise)} 1/2-1/2

[Event "Kazan Mayors Cup 2022"]
[Site "Kazan"]
[Date "2022.01.28"]
[Round "1.2"]
[White "Dreev, Aleksey"]
[Black "Artemiev, Vladislav"]
[Result "1/2-1/2"]
[WhiteElo "2623"]
[BlackElo "2700"]
[Annotator "TA"]
[PlyCount "106"]
[EventDate "2022.01.28"]
[EventType "tourn"]
[EventCountry "RUS"]
[SourceTitle "playchess.com"]
[Source "ChessBase"]
[SourceQuality "1"]

{[%evp 9,106,31,39,44,30,24,22,24,29,28,24,30,41,37,33,31,32,26,39,31,32,20,27,0,44,40,43,38,62,54,44,0,0,0,0,0,0,0,0,0,0,0,0,0,0,0,0,0,0,0,0,0,0,0,0,0,0,0,0,0,0,0,0,0,0,0,0,0,0,0,10,10,10,10,41,43,16,12,60,17,12,0,117,116,118,25,56,0,0,0,0,0,4,0,0,0,13,17,16]} 1. d4 d5 2. c4 e6 3. Nc3 h6 4. Bf4 Nf6 5. e3 Bd6 6. Bxd6 {D31: Queen's Gambit Declined: Semi-Slav without ...Nf6 (+ Marshall Gambit and Noteboom) and Exchange Variation lines without ...Nf6.} Qxd6 7. Nf3 O-O 8. Rc1 a6 9. Qc2 {[#]} Nbd7 $146 ({Predecessor:} 9... b6 10. cxd5 exd5 11. Be2 Nbd7 12. Na4 Qb4+ 13. Nd2 Bb7 14. O-O Rfc8 {½-½ (14) Dessaules,P (2378)-Shishkov,P (2387) ICCF email 2013}) 10. cxd5 exd5 11. Bd3 Re8 12. O-O c6 13. Rfe1 Rb8 14. a3 a5 15. Qa4 Ra8 16. Qc2 Re7 (16... Rb8 $11 {feels stronger.}) 17. h3 $14 Nf8 18. Na4 Ne6 19. Nb6 Rb8 20. Ne5 (20. Red1 $14 {should be considered.}) 20... c5 $1 $11 21. Nxc8 Rxc8 22. Bf5 Rec7 23. Qa4 b6 24. Red1 g6 25. Bxe6 Qxe6 26. Nd3 c4 27. Nf4 Qd6 28. Qb5 c3 29. bxc3 Rxc3 30. Rxc3 Rxc3 31. Rb1 Rc6 32. a4 Kg7 33. Qb3 Rc4 34. Qxb6 Qxb6 35. Rxb6 Rxa4 {[%mdl 4096] Endgame KRN-KRN} 36. Rb5 Ne4 37. f3 Ra1+ 38. Kh2 Nd2 39. Kg3 a4 40. Nxd5 a3 {Prevents Rb2.} 41. Ra5 Ra2 42. h4 Nc4 43. Ra7 Rd2 (43... Nd6 $11) 44. Ra4 (44. e4 $1 $14 {was preferrable.}) 44... a2 45. e4 f5 46. Ra7+ Kf8 47. Nc3 {White is more active.} ({Better is} 47. exf5 $16 gxf5 48. Nc3) 47... fxe4 48. Nxe4 (48. Rxa2 $14 exf3 49. Rxd2 Nxd2 50. gxf3) 48... Rc2 $1 {The position is equal.} 49. Kf4 Rxg2 50. d5 Ke8 51. d6 Kd8 52. d7 {[#] Strongly threatening Nc5.} a1=Q 53. Rxa1 {And now Nc5 would win.} Kxd7 {Weighted Error Value: White=0.09 (flawless) /Black=0.11 (very precise)} 1/2-1/2

[Event "Kazan Mayors Cup 2022"]
[Site "Kazan"]
[Date "2022.01.28"]
[Round "1.3"]
[White "Sarana, Alexey"]
[Black "Galliamova, Alisa"]
[Result "1/2-1/2"]
[WhiteElo "2666"]
[BlackElo "2421"]
[Annotator "TA"]
[PlyCount "129"]
[EventDate "2022.01.28"]
[EventType "tourn"]
[EventCountry "RUS"]
[SourceTitle "playchess.com"]
[Source "ChessBase"]
[SourceQuality "1"]

{[%evp 14,129,0,0,6,-9,0,-48,-43,-43,-50,-30,-30,-45,-45,-36,-54,-46,-51,-91,-84,-80,-76,-80,-36,-79,0,0,80,-38,0,0,0,0,0,0,0,-50,-60,-208,-201,-167,-172,-253,-226,-264,0,0,0,0,0,0,0,0,0,0,0,0,0,0,0,0,0,0,9,0,0,0,0,0,0,0,0,0,0,0,0,0,0,0,0,0,0,0,0,0,0,0,0,0,0,0,0,0,0,0,0,0,0,0,0,0,0,0,0,0,0,-87,-80,-96,0,0,0,0,0,0,0,0]} 1. d4 d5 2. c4 c6 3. Nf3 Nf6 4. Nc3 dxc4 5. g3 b5 {[%cal Bb7b5,Bb5b4,Bb4c3][%mdl 32]} 6. Bg2 Bb7 7. O-O e6 8. Ne5 {[%cal Oc3b5] White wants to play Nxb5!} a6 {E04: Open Catalan: 5 Nf3.} 9. b3 $1 b4 10. bxc4 {10.Ne4 is the modern continuation.} bxc3 $15 {Black is slightly better.} 11. Rb1 $1 Ra7 12. d5 Bd6 (12... cxd5 $2 13. Qd4 c2 14. Rb2 $18) 13. Nxc6 {[#]} Nxc6 $146 ({Predecessor:} 13... Bxc6 14. dxc6 O-O 15. Be3 Re7 16. Bd4 Ne8 17. Bxc3 Qc8 18. Qa4 Rc7 19. Ba5 Rxc6 20. Rxb8 Rxc4 21. Rxc8 Rxa4 {½-½ (27) Makarian,R (2470)-Raahul,V (2344) Arandjelovac 2021}) 14. dxc6 Ba8 15. Be3 Rc7 16. Bb6 O-O 17. Qa4 Qc8 {[%cal Ra8c6]} 18. Bxc7 Qxc7 ({Better is} 18... Bxc7 $17 19. Rfc1 e5) 19. Rfc1 (19. Qxa6 $15 Ng4 20. c5) 19... Rc8 (19... Bc5 $17 {Hoping for ...Qe5.} 20. Rxc3 Qe5) 20. Qxa6 $11 Ne8 (20... g6 $11 {remains equal.}) 21. Rb6 {White is more active.} (21. Rxc3 $16 {Black must now prevent c5.} Bxc6 22. Bxc6 Qxc6 23. Qxc6 Rxc6 24. c5) 21... Bc5 {[%mdl 1024] Black has compensation.} 22. Rb5 Bd4 {[%cal Ra8c6]} 23. e3 Bf6 {[%cal Oh7h5]} 24. Rb6 g6 25. c5 (25. a4 $11) 25... Qd8 $1 $15 26. Bf3 (26. Rb7 $15 Nc7 27. Qb6) 26... Nc7 $19 27. Qa4 Nd5 {Prevents Qf4.} 28. Ra6 (28. Qb5 {was necessary.}) 28... Qe8 {[%cal Ra8c6]} 29. e4 Bxc6 30. Rxc6 $11 Qxc6 31. Qxc6 Rxc6 32. exd5 exd5 33. Bxd5 Rxc5 $19 {[%mdl 4096] Endgame KRB-KRB} 34. Bb3 Kf8 35. Kf1 h5 36. Ke2 h4 37. Kd3 hxg3 38. hxg3 Rc7 39. a4 Rd7+ 40. Kc4 Rc7+ 41. Kd5 Rb7 42. Bc2 Ke7 43. Kc6 Rb2 44. Kc5 Kd7 45. Kc4 Ra2 46. Kd3 Kd6 47. Re1 Rb2 48. Ra1 Rb4 {...Rd4+ is the strong threat.} 49. a5 Rd4+ 50. Ke3 Rd2 51. Bd3 Kd5 52. Ra4 {Inhibits Bd4+. Strongly threatening a6.} Be7 53. Be4+ Kc5 54. Bd3 Kd5 (54... Kc6 $5 55. Kd4 Bf6+ 56. Ke4 Bd8 $11) 55. Be4+ Kc5 {And now ...Kb5 would win.} 56. a6 {[%cal Ba5a6,Ba6a7][%mdl 32]} Kb5 57. a7 Bc5+ 58. Kf4 Rxf2+ 59. Ke5 f6+ 60. Kd5 {[#]} (60. Ke6 $11 Bxa7 61. Rxa7) 60... Rd2+ $1 $17 ({Much worse is} 60... Bxa7 $6 61. Rxa7 Rd2+ 62. Ke6 $11) 61. Ke6 {[#]} Bxa7 62. Rxa7 $11 {The position is equal.} Re2 63. Kd5 Rd2+ 64. Ke6 Re2 65. Kd5 {Weighted Error Value: White=0.20 (precise) /Black=0.12 (very precise)} 1/2-1/2

[Event "Kazan Mayors Cup 2022"]
[Site "Kazan"]
[Date "2022.01.28"]
[Round "1.4"]
[White "Oparin, Grigoriy"]
[Black "Timofeev, Artyom"]
[Result "1/2-1/2"]
[WhiteElo "2681"]
[BlackElo "2572"]
[Annotator "TA"]
[PlyCount "108"]
[EventDate "2022.01.28"]
[EventType "tourn"]
[EventCountry "RUS"]
[SourceTitle "playchess.com"]
[Source "ChessBase"]
[SourceQuality "1"]

{[%evp 9,108,25,21,0,0,10,10,10,17,0,0,0,18,12,1,0,12,12,16,2,20,-4,10,0,0,-5,0,-13,-22,-35,-18,-27,-2,-2,0,0,0,0,0,0,0,0,-8,-25,0,-31,0,0,0,-65,-36,-65,0,0,0,0,0,0,0,-19,-25,-33,-34,-48,-38,-49,-19,-60,-58,-88,-66,-72,-53,-60,-53,-69,-32,-68,-24,-24,-24,-24,-8,-24,-23,-24,-24,-29,-29,-29,-29,-29,-24,-24,-17,-17,-16,-11,-8,-8,-8]} 1. Nf3 c5 2. c4 Nc6 3. d4 cxd4 4. Nxd4 Qb6 5. Nb3 e6 6. Be3 {A30: Symmetrical English: Double Fianchetto and Hedgehog.} Qb4+ 7. N1d2 Nf6 8. a3 Qa4 {[#]} 9. g3 $146 ({Predecessor:} 9. Bg5 b5 10. e3 bxc4 11. Bxc4 Ne4 12. Bf4 d5 13. Bd3 e5 14. Bg3 Nxg3 15. hxg3 {0-1 (39) Al Huwar,J (2285)-Fier,A (2582) Istanbul 2012}) 9... Ng4 10. Bd4 Nxd4 11. Nxd4 Qxd1+ 12. Rxd1 a6 {Prevents Nb5.} 13. Bg2 Rb8 14. b4 b6 {To avoid c5} 15. e3 Be7 16. Ke2 O-O 17. h3 Nf6 18. g4 h6 19. f4 Rd8 20. Bf3 a5 21. Rb1 axb4 22. axb4 Bb7 23. Rhc1 g5 24. Bxb7 Rxb7 {[%cal Bb8b7,Bb7a7,Ba7a3][%mdl 32]} 25. f5 Ra8 26. Rc2 Rba7 27. e4 {[%cal Be3e4,Be4e5][%mdl 32]} Ra3 (27... e5 $5 {[%cal Re5d4]} 28. N4f3 d6 $11) 28. e5 {aiming for fxe6.} Ne8 29. N4f3 (29. fxe6 $11 fxe6 30. N4f3) 29... exf5 $1 $15 30. gxf5 f6 ({Better is} 30... d6 $1 $15) 31. c5 $11 bxc5 32. bxc5 fxe5 {Threatens to win with ...Ng7.} 33. Rb7 $1 R8a7 34. Rxa7 Rxa7 35. Nxe5 Ng7 36. c6 dxc6 37. Nxc6 Rb7 38. Nc4 (38. Nd4 $11 {should be considered.}) 38... Nxf5 $15 39. N4e5 Bd6 40. Kd3 Kg7 41. Ke4 Ne7 42. Nd3 Rc7 43. Nd4 {[#] And now Ne6+ would win.} Rxc2 (43... Ra7 $15) 44. Nxc2 {[%mdl 4096] Endgame KBN-KNN} Kf6 45. Ne3 Ke6 46. Ng4 Nf5 47. Ne3 Ng7 48. Ng4 h5 49. Ne3 Ne8 50. Nd5 Ba3 51. N3f4+ gxf4 52. Nxf4+ {The position is equal.} Kf7 {[#] White must now prevent ...Ng7.} 53. Nxh5 Nf6+ 54. Nxf6 Kxf6 {Weighted Error Value: White=0.11 (very precise) /Black=0.09 (flawless)} 1/2-1/2

[Event "Kazan Mayors Cup 2022"]
[Site "Kazan"]
[Date "2022.01.28"]
[Round "1.5"]
[White "Gunina, Valentina"]
[Black "Faizrakhmanov, Ramil"]
[Result "0-1"]
[WhiteElo "2471"]
[BlackElo "2480"]
[Annotator "TA"]
[PlyCount "99"]
[EventDate "2022.01.28"]
[EventType "tourn"]
[EventCountry "RUS"]
[SourceTitle "playchess.com"]
[Source "ChessBase"]
[SourceQuality "1"]

{[%evp 9,99,18,25,14,18,6,5,-14,11,-40,38,37,50,50,48,28,42,46,25,37,32,31,31,25,25,5,7,7,8,0,0,-6,-8,-25,-25,-28,-25,-43,-41,-39,-18,-22,-12,-9,-8,-8,-8,-8,-8,-8,-6,-7,0,-23,-23,-26,-23,-27,-28,-29,-26,-42,-41,-52,-23,-31,-26,-35,-33,-33,-33,-37,-27,-46,-46,-69,-15,-15,-15,-22,-16,-30,0,0,0,-15,-15,-22,0,-19,-19,-5381]} 1. d4 Nf6 2. c4 e6 3. Nf3 d5 4. Nc3 a6 5. cxd5 exd5 6. Bf4 {D37: Queen's Gambit Declined: 5 Bf4.} Bd6 7. g3 O-O 8. Bg2 Re8 9. O-O (9. Ne5 $11) 9... Nc6 {[#]} (9... Bxf4 $15 10. gxf4 Be6) 10. Bg5 $146 {[%cal Oc3d5] Nxd5! is the strong threat.} ({Predecessor:} 10. Rc1 h6 11. a3 Bg4 12. b4 Qd7 13. Bxd6 Qxd6 14. e3 Ne4 15. Qc2 f5 16. Nd2 {½-½ (53) Schussler,H (2410)-Benjamin,J (2506) Chess.com INT 2020}) 10... Be6 11. e4 (11. Bxf6 {is more complex.} Qxf6 12. e4 dxe4 13. Nxe4 Qe7 14. d5) 11... Be7 12. Bxf6 Bxf6 13. exd5 Bxd5 14. Nxd5 Qxd5 15. Ne5 $1 Qd6 (15... Qxd4 $2 16. Nxc6 bxc6 17. Bxc6 $18) 16. Nxc6 bxc6 17. Qc2 Rab8 (17... Qxd4 $2 18. Bxc6 Qxb2 19. Rac1 $18) 18. Bxc6 Red8 19. Rfd1 Bxd4 20. b3 Qf6 21. Rac1 {[#]} Bxf2+ $1 22. Kg2 {And now Rf1 would win.} Be3 23. Rb1 Qe6 24. Bf3 c5 25. Re1 Rd2+ (25... Qh6 {with more complications.} 26. Re2 Bd4 27. Rbe1 g6 28. Qc4 Rd6) 26. Qxd2 $1 Bxd2 27. Rxe6 fxe6 $11 {[%mdl 4096] Endgame KRB-KRB} 28. Be2 a5 29. Rf1 Bc3 30. Bc4 Rb6 31. Kf3 Kf7 32. Bd3 h6 33. Kg4+ Bf6 34. Rc1 Rd6 35. Bb5 Rd2 {[%cal Oh6h5]} 36. h4 Bd4 (36... h5+ $5 37. Kf4 Be7 $15) 37. a3 Rg2 38. Bc4 Be5 39. Rf1+ Ke7 40. Rf3 Kd6 41. Rd3+ Bd4 $1 42. Rf3 Rc2 (42... a4 $1 $15 43. bxa4 Rc2) 43. a4 Rg2 44. Rf8 Be5 45. Rf3 Bf6 46. Re3 {The position is equal.} Be5 47. Rd3+ Bd4 48. Rf3 e5 49. Rf7 e4 {[%cal Oh6h5]} 50. Rd7+ $2 {[%mdl 8192] Weighted Error Value: White=0.10 (very precise) /Black=0.11 (very precise)} 0-1

[Event "Kazan Mayors Cup 2022"]
[Site "Kazan"]
[Date "2022.01.28"]
[Round "2.1"]
[White "Rublevsky, Sergei"]
[Black "Faizrakhmanov, Ramil"]
[Result "0-1"]
[WhiteElo "2637"]
[BlackElo "2480"]
[Annotator "TA"]
[PlyCount "84"]
[EventDate "2022.01.28"]
[EventType "tourn"]
[EventCountry "RUS"]
[SourceTitle "playchess.com"]
[Source "ChessBase"]
[SourceQuality "1"]

{[%evp 10,84,12,12,14,11,13,11,19,11,12,18,18,18,12,0,0,0,2,6,8,8,8,8,14,0,0,7,0,0,0,0,0,9,6,0,0,0,16,0,49,22,26,0,28,28,28,-58,-45,-52,58,-333,-315,-334,-174,-105,-83,-515,-522,-517,-518,-532,-491,-482,-459,-12830,-151,-161,-154,-141,-145,-214,-39,-12837,-36,-12837,-12838]} 1. e4 c6 2. d4 d5 3. e5 Bf5 4. Nd2 e6 5. Nb3 Nd7 6. Nf3 c5 {B12: Caro-Kann: Advance Variation.} 7. dxc5 Bxc5 8. Nxc5 Nxc5 {The position is equal.} 9. Bb5+ Nd7 $1 10. Nd4 Ne7 11. Bg5 Bg6 12. Bxe7 Qxe7 13. O-O O-O 14. Bxd7 Qxd7 {[#]} 15. Re1 $146 ({Predecessor:} 15. c3 a6 16. a4 Rac8 17. a5 f6 18. Re1 Rce8 19. Qg4 Re7 20. exf6 Rxf6 21. Re5 {½-½ (56) Arakhamia Grant,K (2380)-Shimelkov,V (2159) Chess.com INT 2021}) 15... Rfc8 16. c3 b5 17. h4 {h5 is the strong threat.} h6 18. h5 Bh7 19. Re3 Rab8 20. Rg3 Kh8 21. Qg4 {[%csl Gg3][%cal Rg4g7]} Rg8 22. a3 a5 23. b4 Qc7 24. Re1 Qc4 (24... Be4 $11) 25. Qf4 Rb7 26. Ree3 ({Reject} 26. bxa5 Qa4 $15) 26... axb4 27. axb4 Ra7 {And now ...Ra1+ would win.} 28. Kh2 (28. Re1 $11) 28... Qf1 $15 {White must now prevent ...Ra1.} 29. Rg4 $1 Ra1 ({Black should try} 29... Be4 $15 30. Rh3 Bd3) 30. Kh3 $2 {[%mdl 8192]} (30. Qxf7 $14 {keeps the upper hand.} Qh1+ 31. Kg3) 30... Be4 $19 31. Qg3 Bf5 (31... Rc1 $142 {Hoping for ...Rb1.} 32. f3 Bd3) 32. Nxf5 exf5 33. Rd4 {[%mdl 8192]} (33. Rf4 $17 g5 34. hxg6 Rxg6 35. Qh2) 33... g5 34. hxg6 Rxg6 {[%cal Of1f2] ( -> ...Qxf2!)} 35. Qh2 Qxf2 36. Rf3 Qe2 37. Rxf5 (37. Rdf4 $142 Ra2 38. Rg3) 37... Qe3+ $2 (37... Ra2 $19 {[%cal Rg6g2] has better winning chances.} 38. Rf3 Rxg2) 38. Rf3 $17 {[#]} Qg5 39. Rdf4 {[#]} Re1 $1 $40 {[%mdl 128] Black is out for blood. Black is much more active.} 40. e6 (40. g3 $17 {was the only chance.}) 40... Rexe6 $2 (40... Qh5+ $2 41. Rh4 Qxf3+ 42. gxf3 $18) ({Black should play} 40... fxe6 $19 {Threatens to win with ...e5.} 41. g3 Qh5+ 42. Kg2 Re2+ 43. Rf2 Rxf2+ 44. Rxf2 Qg5) 41. Qg1 $2 {[%mdl 8192]} (41. Qg3 $15) 41... Qh5+ $19 42. Rh4 {[#]} Qxf3+ $1 {[%mdl 512] Weighted Error Value: White=0.83/Black=0.33} 0-1

[Event "Kazan Mayors Cup 2022"]
[Site "Kazan"]
[Date "2022.01.28"]
[Round "2.2"]
[White "Timofeev, Artyom"]
[Black "Gunina, Valentina"]
[Result "1-0"]
[WhiteElo "2572"]
[BlackElo "2471"]
[Annotator "TA"]
[PlyCount "103"]
[EventDate "2022.01.28"]
[EventType "tourn"]
[EventCountry "RUS"]
[SourceTitle "playchess.com"]
[Source "ChessBase"]
[SourceQuality "1"]

{[%evp 9,103,-5,0,4,9,-51,-35,-35,0,-28,-26,-35,-12,-38,-10,-50,-40,-37,-50,-52,-54,-83,0,0,0,0,0,0,0,0,0,0,0,0,0,0,0,0,0,0,0,0,0,0,58,64,60,95,95,99,114,122,554,295,453,453,437,434,789,801,829,814,741,704,1709,1735,1515,1044,2033,2081,2229,1845,1538,2021,2233,2242,2301,1288,1810,1452,2373,2208,1854,1868,2321,2351,6011,5861,29981,29982,29983,29979,29988,29980,29979,29962]} 1. d4 d5 2. Nf3 Nf6 3. Bg5 c5 4. Bxf6 gxf6 5. dxc5 e5 6. e3 {D03: 1 d4 d5 2 Nf3 Nf6 3 Bg5, including Torre Attack with early ...d5.} Nc6 7. c3 (7. Bb5 $11) 7... Bxc5 $15 8. Nbd2 {[#] Black is slightly better.} Bf5 $146 ({Predecessor:} 8... Be6 9. g3 Qd7 10. Bg2 O-O-O 11. O-O Bh3 12. Nh4 Bg4 13. Qa4 Kb8 14. Nb3 Bb6 15. Bxd5 {½-½ (96) Bartel,M (2648)-Jones,G (2670) Chess.com INT 2020}) 9. Nh4 Be6 10. Bd3 Qd7 11. Nb3 Be7 12. Qh5 Bg4 13. Qh6 O-O-O 14. h3 Be6 15. O-O-O Rhg8 (15... Kb8 $17) 16. f4 $36 {[%mdl 2048] Strongly threatening f5. White has some pressure.} f5 17. g4 {[%cal Rg4f5]} e4 18. gxf5 {[%cal Od3e4] [#] Black must now prevent Bxe4!} exd3 19. fxe6 Qxe6 20. Qxe6+ fxe6 21. Nf3 Rg3 22. Rdf1 e5 23. fxe5 Rf8 24. Nbd4 Nxd4 25. Nxd4 Rxf1+ 26. Rxf1 {[%mdl 4096] Endgame KRB-KRN} Bg5 (26... Rxe3 $11 27. Nf5 Rxe5) 27. Rf8+ $14 Kd7 28. e6+ ({Not} 28. Rf7+ Ke8 29. Rf1 Rxe3 $17) 28... Kc7 29. Rf7+ Kd6 30. Kd2 {[#] aiming for Rd7+. White is more active.} Rxh3 $2 {[%mdl 8192] This move loses the game for Black.} (30... Bxe3+ $16 {is tougher.} 31. Kxd3 Bg1+ 32. Kc2 Bxd4) 31. Kxd3 h5 (31... Rxe3+ {keeps fighting.} 32. Kc2 Re4 33. Rd7+ (33. Rxb7 Bf6 $18) 33... Ke5 34. Rxh7 Be3 35. Rxb7 (35. e7 Kf6 $16) 35... Bxd4) 32. Rxb7 $18 Rxe3+ 33. Kc2 Ke5 (33... a5 $142 34. Nf5+ (34. Rd7+ Ke5 $18) 34... Kc6) 34. Rf7 Kd6 35. Rxa7 Re1 36. Rd7+ Kc5 37. b4+ Kb6 38. Rxd5 Rg1 39. e7 Bxe7 40. Rxh5 Bf6 41. Rd5 Kc7 {Inhibits Rd6.} 42. a4 {[%cal Ba2a4,Ba4a5,Ba5a6][%mdl 32]} Rg3 43. Nb5+ Kc8 44. Kb3 Be7 45. a5 {a6 is the strong threat.} Rg6 46. Nd4 Bd8 47. Ka4 {Hoping for Kb5.} Rg1 48. Kb5 {White wants to mate with c4.} Rc1 49. c4 {White mates.} Bh4 50. a6 Be1 51. Rc5+ Kd7 52. Nc6 {Weighted Error Value: White=0.31/Black=0.44} 1-0

[Event "Kazan Mayors Cup 2022"]
[Site "Kazan"]
[Date "2022.01.28"]
[Round "2.3"]
[White "Galliamova, Alisa"]
[Black "Oparin, Grigoriy"]
[Result "0-1"]
[WhiteElo "2421"]
[BlackElo "2681"]
[Annotator "TA"]
[PlyCount "64"]
[EventDate "2022.01.28"]
[EventType "tourn"]
[EventCountry "RUS"]
[SourceTitle "playchess.com"]
[Source "ChessBase"]
[SourceQuality "1"]

{[%evp 11,64,0,12,29,21,0,0,0,6,1,20,12,8,-12,-15,-16,-10,-23,-20,-27,-22,-35,-44,-31,0,-23,-21,-22,-30,-41,-23,-46,-35,-58,-12,-53,36,-128,-112,-135,-123,-196,-189,-373,-379,-588,-412,-405,-398,-403,-395,-378,-287,-362,-243]} 1. d4 Nf6 2. Nf3 e6 3. Bf4 d5 4. e3 c5 5. Nbd2 Nc6 6. c3 cxd4 7. exd4 {D02: 1 d4 d5 2 Nf3 sidelines, including 2...Nf6 3 g3 and 2...Nf6 3 Bf4.} Nh5 8. Bg3 Nxg3 9. hxg3 {[#] The position is equal.} Qc7 $146 ({Predecessor:} 9... g6 10. Bd3 Bg7 11. O-O O-O 12. Re1 h5 13. Qe2 Bd7 14. Ne5 Nxe5 15. dxe5 b5 {0-1 (37) Kamsky,G (2662)-Sadhwani,R (2609) Chess.com INT 2021}) 10. Bd3 h6 {Inhibits Ng5.} 11. Qe2 Bd7 12. O-O-O O-O-O 13. Kb1 Bd6 14. Nb3 Kb8 15. Bc2 Bc8 16. Nc1 f6 {[%cal Bf7f6,Bf6e5][%mdl 32]} 17. Nh4 g5 18. Nf3 (18. Ng6 $5 {[%cal Rg6h8]}) 18... Qf7 19. g4 e5 20. dxe5 fxe5 21. Bb3 Bc7 ({Don't play} 21... Bxg4 22. Bxd5 Qf6 23. Be4 $11) 22. Nd2 Qf6 (22... e4 $15) 23. f3 (23. Nf1 $1 $11 {should be considered.}) 23... Rhe8 {[#]} (23... e4 $15) 24. Ka1 $2 {[#]} (24. Bxd5 $1 $14 {keeps the upper hand.} Rxd5 25. Ne4) 24... e4 $1 $17 25. fxe4 {[#]} d4 $1 {Black is much more active.} 26. c4 (26. Rhf1 $17 Qh8 27. c4) 26... d3 $36 {[%mdl 2048] Black has strong initiative.} 27. Qf3 (27. Nxd3 {was called for.} Nd4 28. Qf2) 27... Qd4 {White must now prevent ...Nb4.} 28. Rxh6 (28. c5 {was worth a try.} Ne5 29. Qf1) 28... Be5 {[%csl Ge5][%cal Rd4b2]} 29. Nxd3 Qxd3 30. Qxd3 Rxd3 31. Nf3 Rxd1+ 32. Bxd1 Bxg4 {Weighted Error Value: White=0.44/Black=0.14 (very precise)} 0-1

[Event "Kazan Mayors Cup 2022"]
[Site "Kazan"]
[Date "2022.01.28"]
[Round "2.4"]
[White "Artemiev, Vladislav"]
[Black "Sarana, Alexey"]
[Result "1/2-1/2"]
[WhiteElo "2700"]
[BlackElo "2666"]
[Annotator "TA"]
[PlyCount "105"]
[EventDate "2022.01.28"]
[EventType "tourn"]
[EventCountry "RUS"]
[SourceTitle "playchess.com"]
[Source "ChessBase"]
[SourceQuality "1"]

{[%evp 9,105,0,0,0,12,7,5,18,12,6,7,9,23,0,0,0,8,0,0,0,0,0,13,-7,0,0,7,0,4,5,7,0,0,-16,0,-8,0,-16,0,0,0,-4,18,18,24,26,41,0,0,0,31,44,32,5,12,12,7,1,0,0,39,41,39,39,91,44,45,68,68,0,0,0,0,0,0,0,0,0,0,-177,0,-54,-37,-59,0,0,0,-149,0,0,0,0,0,0,0,0,0,0]} 1. e4 c5 2. Nf3 d6 3. Nc3 Nf6 4. e5 dxe5 5. Nxe5 a6 6. g3 {B50: Sicilian: 2...d6, Miscellaneous.} Qd6 {is now debated instead of 6...Qc7.} 7. Nf3 Nc6 8. Bg2 {[#]} Bf5 $146 ({Predecessor:} 8... g6 9. O-O Bg7 10. d3 O-O 11. Re1 e5 12. Be3 Nd4 13. h3 Re8 14. Nd2 Rb8 {0-1 (46) Mamedov,R (2656)-Ivic,V (2606) Warsaw 2021}) 9. O-O e6 10. d3 Be7 11. Re1 O-O 12. Bf4 Qd7 13. Ne5 Nxe5 14. Bxe5 Rad8 15. Qf3 b5 {[%cal Bb7b5,Bb5b4][%mdl 32]} 16. h3 b4 17. Nd1 Nd5 18. b3 a5 19. Ne3 Nxe3 20. Qxe3 a4 21. Rad1 Qb5 22. g4 Bg6 23. Qg3 a3 24. h4 h6 $1 25. f4 Bh7 26. f5 Qd7 27. fxe6 $1 fxe6 28. Rf1 (28. Bh3 $14 {feels stronger.}) 28... Bf6 $11 29. Rde1 Qe7 (29... Bxe5 {with more complications.} 30. Rxf8+ Rxf8 31. Qxe5 Qd8 32. h5 Qh4) 30. Bxf6 Rxf6 31. Rxf6 Qxf6 32. Qe5 {Black must now prevent Qxf6.} Qxh4 33. Qxe6+ Kh8 34. Qe7 {To avoid Rf8} Qxe7 35. Rxe7 {[%mdl 4096] Endgame KRB-KRB} Bg8 36. Be4 Rf8 (36... Bh7 $14) 37. Kg2 (37. Rc7 $16) 37... g5 38. Rc7 {Rc6 is the strong threat.} Be6 39. Rh7+ (39. Rc6 $14 Rf6 40. Kg3 (40. Rxc5 Bxg4 41. Rb5 Bd1 $11)) 39... Kg8 40. Rxh6 Kf7 41. Bf3 Ke7 42. Kg3 Kd6 43. Rh2 Rf6 44. Re2 $2 {[#]} (44. Rh5 $11 {and White stays safe.}) 44... Rf4 $2 ({Black should play} 44... Bd5 $1 $19 45. Re3 Bxf3 46. Rxf3 Re6) 45. Re3 (45. Rd2 $11) 45... Bd5 $1 $15 {[%mdl 1024] Strongly threatening ...Rf8. Black has compensation.} 46. Be2 $1 Bc6 (46... Rf8 $1 $15) 47. Bf3 $17 Bd5 48. Be2 $1 {[#]} Rf6 (48... Rf8 $1 $17 {Hoping for ...Rh8.} 49. Bf3 Bxf3 50. Rxf3 Re8) 49. Re8 $11 {The position is equal.} Re6 50. Rxe6+ Bxe6 (50... Kxe6 $5 51. Kf2 Ke5 $11) 51. Kf3 Ke5 {Threatens to win with ...Kd4.} 52. Ke3 Bd5 53. Bd1 {Weighted Error Value: White=0.12 (very precise) /Black=0.13 (very precise)} 1/2-1/2